00603nam a22001817a 450000500170000001000150001702000260003203500130005803700130007108200130008424501270009726000380022427000420026230000250030450000510032970000180038070000230039820140425143424.0 aENG-109496 c650.00a9788125054320 aEN-93029 bDBAD/PUB a347.541200aThe shifting scales of justice :cedited by Mayur Suresh [and] Siddharth Narrainbthe Supreme Court in neo-liberal India / aNew DelhibOrient Blakswan c2014 a1/24 Asaf Ali RoadbNew Delhie110002 axxvi,199p.c23cm(Hb) aIncludes bibliographical references and index  aSuresh, Mayur aNarrain, Siddharth